| 000 | 00514cam a2200193 i 4500 | ||
|---|---|---|---|
| 020 | _a9781879944671 (pbk.) | ||
| 020 | _a1879944677 (pbk.) | ||
| 040 | _cDLC | ||
| 041 | 1 | _hchi | |
| 082 | 0 | 0 | _a338 WOR 1981 C153 Or. |
| 245 | 1 | 0 | _aChina's geoinformation industry 2015 / |
| 250 | _aFirst Edition. | ||
| 300 |
_a207 pages ; _c28 cm. |
||
| 490 | 0 | _aEast View special intelligence reports | |
| 650 | 0 | _aGeographic information systems | |
| 650 | 0 | _aGeodatabases | |
| 700 | 1 | _aKurexi, Maihesuti, | |
| 942 | _cAEDBB | ||
| 999 |
_c18842 _d18842 |
||